| 000 | 00889cas a2200301 a 4500 | ||
|---|---|---|---|
| 001 | 11345825 | ||
| 005 | 20180206044238.0 | ||
| 008 | 860603u1978uuuucauuu 0 0eng c | ||
| 010 | _a 88649014 | ||
| 035 | _a(OCoLC)ocm13677684 | ||
| 040 |
_aGUL _beng _cGUL _dDLC _dOCL _dUTV _dOCLCQ _dOCLCF _dOCLCO _dOCL _dNDL |
||
| 041 | _aeng | ||
| 042 | _apcc | ||
| 043 | _an-us--- | ||
| 080 | _a347.732 | ||
| 082 | _2347.732 CHO | ||
| 100 | _a14 | ||
| 101 | _aSHJ | ||
| 245 | 0 | 0 |
_aGilbert law summaries. _pCorporations. |
| 246 | 1 | 7 | _aCorporations |
| 362 | 0 | _a10th ed. (1978)- | |
| 590 | _aSERBIB/SERLOC merged record | ||
| 776 | 0 | 8 |
_iOnline version: _tGilbert law summaries. Corporations _w(OCoLC)697258289 |
| 780 | 0 | 0 |
_tCorporations (Beverly Hills, Calif.) _w(DLC) 88649013 _w(OCoLC)4859878 |
| 906 |
_a7 _bcbc _cserials _d2 _encip _f19 _gn-oclcserc |
||
| 942 |
_2ddc _cBK |
||
| 999 |
_c41905 _d41905 |
||